000 01101nam a2200289 i 4500
001 bg
100 1 _aPacyniak, Tadeusz.
245 1 0 _aTeoretyczne i technologiczne podstawy procesu wytwarzania odlewów metodą pełnej formy /
_cTadeusz Pacyniak.
260 _aŁódź :
_bWydawnictwo Politechniki Łódzkiej,
_c2006.
300 _a115 s. :
_bil. (w tym kolor.) ;
_c24 cm.
490 1 _aZeszyty Naukowe / Politechnika Łódzka. Rozprawy Naukowe,
_x0137-4834 ;
_vz. 350
500 _aNumer serii gł.: 985. - Na s. red. odmienny tytuł serii : Zeszyty Naukowe Politechniki Łódzkiej.
504 _aBibliogr. s. 103-107.
546 _aStreszcz. ang.
650 9 _aOdlewnictwo
_xmetody
830 0 _aZeszyty Naukowe - Politechnika Łódzka.
_pRozprawy Naukowe,
_x0137-4834 ;
_vz. 350
830 0 _aZeszyty Naukowe (Politechnika Łódzka) ;
_vnr 985
830 0 _aZeszyty Naukowe Politechniki Łódzkiej
022 _a01374834
040 _cBPK
041 0 _apol
_beng
044 _aPOL
080 _a621.74
942 _cKS
008 s pl f |000 0 pol
999 _c54185
_d54185
856 _uhttp://koha.tu.koszalin.pl/cgi-bin/koha/opac-detail.pl?biblionumber=54185
_yKatalog online BPK